La macchinazione /
Guardat en:
| Autor corporatiu: | |
|---|---|
| Altres autors: | , , , , , , |
| Format: | |
| Idioma: | italià |
| Publicat: |
Campi Bisenzio :
Cecchi Gori Entertainemnt,
2016
|
| Edició: | Edizione speciale 2 DVD |
| Etiquetes: |
Sense etiquetes, Sigues el primer a etiquetar aquest registre!
|
MARC
| LEADER | 00000ngm a22000007i 4500 | ||
|---|---|---|---|
| 001 | IT\ICCU\MOD\1663400 | ||
| 003 | ItRI | ||
| 005 | 20260124182816.0 | ||
| 008 | 161124s2016 it |||||||||||||||k|||||c | ||
| 024 | 3 | 1 | |a 8057092013489 |
| 028 | 4 | 2 | |a PSV21485 |
| 040 | |b ita | ||
| 041 | 7 | |a ita |2 ISO-639-2 | |
| 130 | 3 | |a La macchinazione <film ; 2016> |3 IT\ICCU\MOD\1663401 | |
| 245 | 0 | 3 | |a La macchinazione / |c un film di David Grieco ; sceneggiatura di David Grieco e Guido Bulla ; fotografia Fabio Zamarion ; musiche Pink Floyd. |
| 250 | |a Edizione speciale 2 DVD | ||
| 260 | |a Campi Bisenzio : |b Cecchi Gori Entertainemnt, |c 2016 | ||
| 300 | |a 2 DVD-Video (107 min.) ; |c in contenitore, 19 cm | ||
| 500 | |a Caratteristiche tecniche: regione 2; PAL; 16/9, 2,35:1; Dolby digital 5.1; color | ||
| 500 | |a Titolo del contenitore | ||
| 500 | |a Produzione cinematografica Italia/Francia 2016 | ||
| 500 | |a Interpreti: Massimo Ranieri, Libero De Rienzo, Matteo Taranto, François-Xavier Demaison | ||
| 500 | |a Lingue: italiano; sottotitoli: italiano per non udenti | ||
| 500 | |a Contenuti extra (disco 2): Attori e personaggi, Scene tagliate, Documentario borgata America, Il caso Pasolini raccontato da Stefano Maccioni, Il caso Pasolini raccontato da David Grieco, Il caso Pasolini raccontato da Silvio Parrello, Dietro la macchinazione, Backstage, La scelta dei Pink Floyd. | ||
| 700 | 1 | |a Pasolini, Pier Paolo |0 IT\ICCU\CFIV\001068 |4 aqt | |
| 700 | 1 | |a Bulla, Guido |0 IT\ICCU\CFIV\116515 |4 sce | |
| 700 | 1 | |a Ranieri, Massimo, |d (1951- ) |0 IT\ICCU\CFIV\139474 |4 act | |
| 700 | 1 | |a Zamarion, Fabio |0 IT\ICCU\MODV\313082 |4 pht | |
| 700 | 1 | |a Grieco, David |0 IT\ICCU\RAVV\054850 |4 drt | |
| 700 | 1 | |a Taranto, Matteo |0 IT\ICCU\RAVV\329589 |4 act | |
| 700 | 1 | |a De Rienzo, Libero |0 IT\ICCU\RAVV\341310 |4 act | |
| 700 | 1 | |a Demaison, François-Xavier |0 IT\ICCU\UBOV\385639 |4 act | |
| 710 | 2 | |a Pink Floyd (gruppo musicale) |0 IT\ICCU\CFIV\010808 |4 cmp | |
| 790 | 1 | |a Wright, Richard, |d (1943-2008) |3 IT\ICCU\LO1V\346865 |y Pink Floyd (gruppo musicale) | |
| 790 | 1 | |a Calone, Giovanni |3 IT\ICCU\SBNV\004304 |z Ranieri, Massimo (1951- ) | |
| 942 | |2 ddc |c VM |n 0 | ||
| 952 | |0 0 |1 0 |4 0 |6 VO_2364_000000000000000 |7 0 |9 26666 |a BO |b BO |d 2026-01-24 |i 19161 |l 0 |o VO 2364 |p BO19161 |r 2026-01-24 18:28:16 |w 2026-01-24 |x [Sebina 5] [2 dvd] |y VM |z 2 dvd | ||
| 999 | |c 22554 |d 22554 | ||